Word Ladder: 'Fun with Them' Quiz Stats

 Plays Quiz Updated Sep 28, 2015

Challenge
Share
Tweet
Embed
Score 0/24 Timer 03:00
2 Plays Today
Clue 4-Letter Word % Correct
Opposite of femaleMALE
98.8%
Gambling cubesDICE
98.2%
Send by postMAIL
98.1%
Household rodentsMICE
98%
5,280 feetMILE
97.4%
Shopaholic's paradiseMALL
97.2%
A way to move over waterSAIL
95.1%
AutumnFALL
94.3%
Fancy occasionBALL
91.5%
Bundle of hayBALE
90.5%
Firearm dischargeSHOT
86.1%
First king of IsraelSAUL
85.9%
Clue 4-Letter Word % Correct
To knock down, like a treeFELL
82.3%
To closeSHUT
82.2%
Horizontally levelFLAT
78.9%
Noteworthy accomplishmentFEAT
78.3%
Non-woven wool fabricFELT
78.2%
Batman nemesisBANE
78%
Narrow piece of woodSLAT
76.1%
Scot word for sodium chlorideSAUT
75.2%
Petty fightSPAT
73.7%
Boy it's fun to be withDICK
71.3%
Dog it's fun to be withSPOT
71.1%
Girl it's fun to be withJANE
67.2%

Today's Daily Dose

Missing Word
No Snow!

Word Ladder
Wild Cats

On This Day
December 16th II

You're not logged in!

Compare scores with friends on all Sporcle quizzes.
OR
Log In

You Might Also Like...

Show Comments

Extras

Top Quizzes Today


Score Distribution

Your Account Isn't Verified!

In order to create a playlist on Sporcle, you need to verify the email address you used during registration. Go to your Sporcle Settings to finish the process.

Report this User

Report this user for behavior that violates our Community Guidelines.

Details: